[Event "Landesliga Sued 9697"]
[Site "Bayern"]
[Date "1996.10.13"]
[Round "1"]
[White "Hartmann, Wolfram"]
[Black "Kaiser, Wolfgang"]
[Result "1-0"]
[WhiteElo "2155"]
[BlackElo "2243"]
[PlyCount "101"]
[EventDate "1996.10.13"]
[EventType "team-tourn"]
[EventRounds "9"]
[EventCountry "GER"]
[SourceTitle "EXT 2020"]
[Source "ChessBase"]
[SourceDate "2019.10.17"]
[SourceVersion "1"]
[SourceVersionDate "2019.10.17"]
[SourceQuality "1"]
[WhiteTeam "Ingolstadt"]
[BlackTeam "Passau II"]
[WhiteTeamCountry "GER"]
[BlackTeamCountry "GER"]

1. e4 c5 2. Nf3 d6 3. d4 cxd4 4. Nxd4 Nf6 5. Nc3 e6 6. Be3 Nc6 7. Qd2 a6 8. 0-0-0 Be7 9. f3 0-0 10. g4 Qc7 11. h4 Nxd4 12. Bxd4 Nd7 13. g5 b5 14. Kb1 Ne5 15. Qg2 b4 16. Ne2 Bb7 17. Nf4 Rac8 18. Nh5 f5 19. gxf6 Bxf6 20. f4 Ng4 21. Nxf6+ Nxf6 22. Bd3 Nh5 23. Rhg1 e5 24. fxe5 dxe5 25. Be3 Kh8 26. Qg5 Nf4 27. Bxf4 Rxf4 28. h5 h6 29. Qg6 Rf6 30. Qg4 Rd8 31. Rdf1 Rdf8 32. Re1 R8f7 33. Qg3 a5 34. Qe3 a4 35. Qa7 a3 36. bxa3 bxa3 37. Qxa3 Rf8 38. Ka1 Ra8 39. Qb3 Rb6 40. Bb5 Qc5 41. c4 Bxe4 42. Qe3 Qb4 43. Re2 Rxb5 44. cxb5 Qc4 45. Rc1 Qd5 46. b6 Bf5 47. Rd2 Qa5 48. b7 Rb8 49. Rb2 Be6 50. Qb6 Qd5 51. Qc7 1-0

[Event "Landesliga Sued 9596"]
[Site "Bayern"]
[Date "1996.02.25"]
[Round "6"]
[White "Kaunzinger, Albert"]
[Black "Hartmann, Wolfram"]
[Result "1-0"]
[WhiteElo "2245"]
[BlackElo "2185"]
[PlyCount "95"]
[EventDate "1995.10.15"]
[EventType "team-tourn"]
[EventRounds "9"]
[EventCountry "GER"]
[SourceTitle "EXT 2020"]
[Source "ChessBase"]
[SourceDate "2019.10.17"]
[SourceVersion "1"]
[SourceVersionDate "2019.10.17"]
[SourceQuality "1"]
[WhiteTeam "Groebenzell"]
[BlackTeam "Ingolstadt"]
[WhiteTeamCountry "GER"]
[BlackTeamCountry "GER"]

1. d4 Nf6 2. Bf4 e6 3. e3 b6 4. Nf3 Be7 5. h3 0-0 6. a4 Ba6 7. Bxa6 Nxa6 8. c3 Qc8 9. Na3 c5 10. Nb5 cxd4 11. exd4 Qc6 12. 0-0 d6 13. Qe2 Nc7 14. c4 a6 15. Nc3 Rab8 16. b4 b5 17. axb5 axb5 18. c5 Ncd5 19. Nxd5 Nxd5 20. Bd2 Ra8 21. Rfc1 Ra6 22. Be1 Rfa8 23. Qb2 h6 24. Bd2 Bf6 25. Kh1 Be7 26. Kg1 Kh7 27. Kh1 g6 28. Kg1 Kg7 29. Kh1 Ra4 30. Rxa4 Rxa4 31. Ra1 Rxa1+ 32. Qxa1 Bf6 33. Qa7 dxc5 34. dxc5 e5 35. Qb8 e4 36. Ne5 Qe6 37. Ng4 g5 38. Qxb5 Bd4 39. Qc4 Bxf2 40. Nxf2 e3 41. Bc3+ Kg6 42. Nd3 e2 43. c6 Qf5 44. c7 Nxc7 45. Qxc7 Qxd3 46. Qe5 Kh5 47. Kh2 f6 48. Qe8+ 1-0